Willamina, Yamhill County, Oregon (1909-1972)
| LDR | 01507cas a2200433 i 4500 | |
| 001 | on1518373690 | |
| 003 | OCoLC | |
| 005 | 20250508064819.0 | |
| 006 | m o d | |
| 007 | cr ||||||||||| | |
| 008 | 250504d19091972oruwr neo 0 0eng c | |
| 010 | $a 2025240345 | |
| 040 | $a ORU $b eng $e rda $e pn $c ORU $d ORU | |
| 035 | $a (OCoLC)1518373690 | |
| 042 | $a pcc | |
| 043 | $a n-us-or | |
| 049 | $a ORUM | |
| 245 | 04 | $a The Willamina times. |
| 264 | 1 | $a Willamina, Yamhill County, Oregon : $b J. A. Hart, $c 1909-1972. |
| 300 | $a 1 online resource | |
| 310 | $a Weekly | |
| 336 | $a text $b txt $2 rdacontent | |
| 336 | $a still image $b sti $2 rdacontent | |
| 337 | $a computer $b c $2 rdamedia | |
| 338 | $a online resource $b cr $2 rdacarrier | |
| 362 | 1 | $a Print began in August 1909, ceased in November 1972. |
| 500 | $a Publisher varies. | |
| 530 | $a Also issued on microfilm from University of Oregon. | |
| 588 | 0 | $a Print version record. |
| 588 | 1 | $a Volume 64, number 16 (November 16, 1972) (PDF surrogate). |
| 651 | 0 | $a Willamina (Or.) $v Newspapers. |
| 651 | 0 | $a Yamhill County (Or.) $v Newspapers. |
| 655 | 7 | $a Serial publications. $2 lcgft |
| 655 | 7 | $a Newspapers. $2 lcgft |
| 752 | $a United States $b Oregon $c Yamhill $d Willamina. | |
| 776 | 08 | $i Print version: $t Willamina times $w (DLC)sn 99063880 $w (OCoLC)42914365 |
| 785 | 00 | $t Times of Willamina $w (DLC) 2025240346 $w (OCoLC)1518863169 |
| 856 | 40 | $u https://oregonnews.uoregon.edu/lccn/202524034 5/ $z Issues not yet available |
| 994 | $a C0 $b ORU |